[Event "Avoine op 28th"]
[Site "Avoine"]
[Date "2013.07.22"]
[Round "3"]
[White "Bailly, Thomas"]
[Black "Peric, Slavisa"]
[Result "0-1"]
[WhiteElo "1746"]
[BlackElo "2218"]
[PlyCount "56"]
[EventDate "2013.07.20"]
[EventType "swiss"]
[EventRounds "9"]
[EventCountry "FRA"]
[SourceTitle "CBM 155 Extra"]
[Source "ChessBase"]
[SourceDate "2013.08.26"]
[SourceVersion "1"]
[SourceVersionDate "2013.08.26"]
[SourceQuality "1"]

1. d4 d5 2. e3 Nf6 3. Bd3 c5 4. c3 Qc7 5. f4 Nc6 6. Nf3 cxd4 7. exd4 Bg4 8. 0-0 e6 9. Qe1 Bxf3 10. Rxf3 Bd6 11. g3 0-0-0 12. Nd2 Kb8 13. Re3 h6 14. Nf3 g5 15. fxg5 hxg5 16. Nxg5 Ng4 17. Re2 Rxh2 18. Rxh2 Bxg3 19. Rg2 Bxe1 20. Rxg4 Bg3 21. Nxf7 Bh2+ 22. Kg2 Qxf7 23. Bg6 Qc7 24. Bd2 Bd6 25. Rf1 Rf8 26. Rh1 Ne7 27. Bd3 Nf5 28. Rg6 Qf7 0-1